000 01082nas a2200337 4500
001 BR2019001618
003 BR-BrBNA
005 20231205131938.0
007 ta
008 230509b bl.|||p| |||| 00| 00por d
040 _aBR-BrBNA
_bpor
_cBiblioteca Nacional de Agricultura
041 _a(En)
072 _aH60
100 1 _aOliveira, M.L.
100 1 _aMarchesan, E.
100 1 _aSoares, C.F.
100 1 _aFarias, J.G.
100 1 _aUlguim, A. da R.
100 1 _aFleck, A.G.
100 1 _aCoelho, L.L.
245 1 _aPersistence of imazapyr+imazapic in irrigated rice area and effect on soybean due to soil moisture and phytoremediation in the off-season
650 _aARROZ IRRIGADO
650 _aSOJA
650 _aROTAÇÃO DE CULTURA
650 _aHERBICIDA
650 _aFITOTOXICIDADE
773 0 _tBragantia (Brazil)
_xISSN 1678-4499
_g(Jul-Sep 2019), v. 78(3) p. 306-316
_wBR2019001618
856 4 0 _uhttp://www.scielo.br/pdf/brag/v78n3/0006-8705-brag-1678-449920190074.pdf
909 _a202311
_bLúcia
_c55
_dLúcia Elande
942 _2AGRIS
_n0
_cANA
999 _c257625
_d257625